000 00684nam a2200253Ia 4500
003 OSt
005 20221005101652.0
006 a|||||r|||| 00| 0
007 ta
008 221004b |||||||| |||| 00| 0 nno d
020 _aTranslated
024 _a53544
037 _cTextual
040 _aCRL
_cCRL
_bnno
041 _2nno
_anno
082 _aO115,3M82,1, 32K1
100 _aUndset Sigrid Au.
_9622493
245 0 _aPrathikaradurga
260 _aTrichur
_bThe Mangalodayam
_c1961
300 _a317p.
_ccm.
650 _aNORWEGIAN LITERATURE
_9177940
942 _hO115,3M82,1, 32K1
_cTEXL
_2cc
999 _c1007156
_d1007156